000
00287nam a2200157Ia 4500
100
_a
McGavren/Jay
650
_a
Ruby
942
_c
BK
366
_f
20
654
_a
ruby
245
_a
Head first Ruby
260
_b
SPD
_c
2016
082
_b
MCG
300
_a
536
546
_a
ENGLISH
999
_c
20268
_d
20268